Les 10 derniers pays dans l'ordre alphabétique - Statistiques

Statistiques générales
  • Ce quiz a été pris 165 fois
  • Le résultat moyen est 8 sur 10
Statistiques - réponses
Hint Réponse % Correct
1 Zimbabwe
98%
2 Zambie
97%
5 Vénézuela
94%
3 Yémen
94%
8 Uruguay
93%
6 Vatican
85%
7 Vanuatu
81%
4 Viêt nam
70%
10 Tuvalu
59%
9 Ukraine
59%
Aucun quiz correspondant
Distribution des résultats
% des personnes avec chaque résultat
Percentile par nombre de réponses
Votre historique - résultats
Vous n’avez pas pris ce quiz